000 00487nam a22001691a 4500
999 _c152378
_d152378
020 _a0195606888
082 _a954.8
_bNIL/H
100 _aNilakanta Sastri K A
245 _aA history of South India :
_bfrom prehistoric times to the fall of Vijayanagar/
_cby Nilakanta Sastri K A.
250 _a4th ed.
260 _aNew Delhi:
_bOxford University Press,
_c1997.
300 _a521p.
650 _aHistory South India
650 _aHistory India
650 _aHistory
942 _cBK